Greatest NBA Power Forwards of All Time - Statistics

General Stats
  • This quiz has been taken 913 times
  • The average score is 6 of 10
Answer Stats
Rank PF % Correct
1 Tim Duncan
96%
5 Dirk Nowitzki
82%
3 Karl Malone
80%
2 Kevin Garnett
79%
4 Charles Barkley
63%
10 Dennis Rodman
53%
6 Kevin McHale
49%
7 Bob Pettit
35%
9 Elvin Hayes
31%
8 Dolph Schayes
14%
No matching quizzes found
Score Distribution
Percent of People with Each Score
Percentile by Number Answered
Your Score History
You have not taken this quiz